书目信息 |
| 题名: |
揭开儿童心理与行为之谜
|
|
| 作者: | 沈德立 著 | |
| 分册: | ||
| 出版信息: | 北京 北京师范大学出版社 2006 |
|
| 页数: | 391页 | |
| 开本: | 24cm | |
| 丛书名: | 当代中国心理学家文库 | |
| 单 册: | ||
| 中图分类: | B844.1-53 | |
| 科图分类: | ||
| 主题词: | 儿童心理学--文集 , 儿童--行为--研究--文集 , 儿童心理学 , 儿童 , 行为 | |
| 电子资源: | ||
| ISBN: | 978-7-303-07870-7 | |
| 000 | 00982oam2 2200301 450 | |
| 001 | 1242747765 | |
| 005 | 20121003115325.67 | |
| 010 | @a978-7-303-07870-7@dCNY38.00 | |
| 100 | @a20060104d2006 em y0chiy0110 ea | |
| 101 | 0 | @achi |
| 102 | @aCN@b110000 | |
| 105 | @ay z 000yy | |
| 200 | 1 | @a揭开儿童心理与行为之谜@9Jie Kai Er Tong Xin Li Yu Xing Wei Zhi Mi |
| 210 | @a北京@c北京师范大学出版社@d2006@h2007重印 | |
| 215 | @a391页@d24cm | |
| 225 | 2 | @a当代中国心理学家文库@i沈德立卷 |
| 330 | @a本书包括实验儿童心理学、大脑是儿童心理活动的物质基础、儿童记忆的发展、思维是对事物本质和规律的反映、动作与个性特征等八个专题。 | |
| 461 | 0 | @12001 @a当代中国心理学家文库 |
| 462 | 0 | @12001 @a沈德立卷 |
| 606 | 0 | @a儿童心理学@j文集 |
| 606 | 0 | @a儿童@x行为@x研究@j文集 |
| 606 | 0 | @a儿童心理学 |
| 606 | 0 | @a儿童 |
| 606 | 0 | @a行为 |
| 690 | @aB844.1-53@v4 | |
| 701 | 0 | @a沈德立@9Shen De Li@f(1934~)@4著 |
| 801 | 0 | @aCN@b91MARC@c20101222 |
| 905 | @a10447@dB844.1-53@eJY252 | |
| 揭开儿童心理与行为之谜.-北京:北京师范大学出版社,2006(2007重印) |
| 391页;24cm.-(当代中国心理学家文库.沈德立卷) |
| ISBN 978-7-303-07870-7:CNY38.00 |
| 本书包括实验儿童心理学、大脑是儿童心理活动的物质基础、儿童记忆的发展、思维是对事物本质和规律的反映、动作与个性特征等八个专题。 |
| ● |
| 相关链接 |
|
|
|
|
正题名:揭开儿童心理与行为之谜
索取号:B844.1-53/JY252
 
预约/预借
| 序号 | 登录号 | 条形码 | 馆藏地/架位号 | 状态 | 备注 |
| 1 | 7830105 | 278301053 | 学院路分馆/ [索取号:B844.1-53/JY252] | 在馆 | |
| 2 | 7830106 | 278301062 | 学院路分馆/ [索取号:B844.1-53/JY252] | 在馆 |